000 00582nam a2200193Ia 4500
005 20250508164110.0
008 008 250505s9999 xx 000 0 hin d
020 _a81-7119-869-4
037 _aTextual
040 _aFEDL
_beng
_cFEDL
041 _ahin
_2eng
084 _a305.4, PAN
_qFEDL
100 _aPandey Mrinal
245 0 _aO ubbiri : Kokh se chita tak, bhrtiya stree ka prajanan aur yaun jeevan
260 _aDelhi, India
_bRadha Krishan Prakashan Private Limited
_c2003
300 _a279p.
942 _cTEXL
_h305.4, PAN
999 _c1387042
_d1387042